Norte Sur: un programa para la supervivencia. Informe de la comisión independiente sobre problemas internacionales del desarrollo

Na minha lista:
Detalhes bibliográficos
Autor principal: Brandt, Willy (Author)
Formato: Livro
Idioma:espanhol
Publicado em: Bogotá Pluma 1980
Assuntos:
Tags: Adicionar Tag
Sem tags, seja o primeiro a adicionar uma tag!

MARC

LEADER 00000nam a2200000 a 4500
001 UCT7110
003 CL-VaPUC
008 970116e19800000CK |||||||||||||||||spa|d
082 0 4 |a 327.111  |b BRA  |2 21 
100 0 |a Brandt, Willy  |e author  |9 377794 
245 1 0 |a Norte Sur: un programa para la supervivencia. Informe de la comisión independiente sobre problemas internacionales del desarrollo 
300 |a 462 p 
942 |c BK 
945 |d 19970116 00:00:00  |a paguirre 
260 |a Bogotá  |b Pluma  |c 1980 
650 0 |a Política internacional  |9 255813 
650 0 |a Desarrollo económico y social   |9 256320 
650 0 |a Países en desarrollo  |9 259663 
650 0 |a Relaciones Internacionales  |9 255740 
650 0 |a Cooperación internacional  |9 255447 
650 7 |a RELACIONES ECONOMICAS INTERNACIONALES  |2 CL-VaPUC  |9 315315 
650 0 |a Economía internacional  |9 258254 
650 7 |a AYUDA AL DESARROLLO  |2 CL-VaPUC  |9 338256 
583 |a last modification  |c 19970116 00:00:00  |k Rodrigo Vera 
999 |c 255771  |d 255769 
952 |0 0  |1 0  |4 0  |6 327_111000000000000_BRA_1980  |7 0  |8 A  |9 278181  |a BIBDER  |b BIBDER  |d 2019-11-19  |i 4684672  |o 327.111 BRA 1980  |p 4684672  |r 2023-01-25  |w 2019-11-19  |y BK  |k DER